| 000 | 01060nam a22002655a 4500 | ||
|---|---|---|---|
| 003 | OSt | ||
| 005 | 20170131114138.0 | ||
| 008 | 160922s2015 ua frb 000 0 ara d | ||
| 015 | _22000 / 3219 | ||
| 020 | _a977042899X | ||
| 040 |
_aEG-ScBUE _bara _cEG-ScBUE _dEG-ScBUE |
||
| 043 | _af-ua--- | ||
| 082 | 0 | 4 |
_a346.620433 _bس ع د _222 |
| 100 | 1 | _aسعد، أيمن. | |
| 245 | 1 | 0 |
_aسلطات المالك على الشيوع في استعمال المال الشائع واستغلاله : _bدراسة مقارنة / _cتأليف أيمن سعد. |
| 260 |
_aالقاهرة : _bدار النهضة العربية، _c2013. |
||
| 300 |
_a373 ص. ؛ _c24 سم. |
||
| 502 | _6-أطروحة (دكتوراه) - جامعة القاهرة. كلية الحقوق، 2000. | ||
| 504 | _aيشتمل على إرجاعات ببليوجرافية. | ||
| 650 | 7 |
_aالملكية _xقوانين وتشريعات _zمصر. _2BUEsh _941150 |
|
| 650 | 7 |
_aالملكية (فقه إسلامي) _2BUEsh |
|
| 651 | _2BUEsh | ||
| 653 |
_bLLAAWW _cJanuary2017 |
||
| 942 | _2ddc | ||
| 999 |
_c24032 _d24004 |
||